Skip to main content
Your cart is empty.
Your lists
Log in to create your own lists
Your cookies
العربية
English
العربية
Home
Search
Advanced search
Authority search
About
The noble scholar, jurist, historian
His Excellency Dr. Abdul Wahhab bin Ibrahim Abu Sulaiman, may Allah have mercy on him.
He was born in Umm Al-Qura in the year 1356 AH.
Library catalog
Title
Author
Subject
ISBN
ISSN
Series
Call number
Log in to your account
×
Login:
Password:
Home
MARC view: ما تلحن فيه الصحف :
Normal view
MARC view
ISBD view
ما تلحن فيه الصحف : (Record no. 11870)
[
view plain
]
MARC details
000 -LEADER
fixed length control field
01522cam a22003011i 4500
003 - CONTROL NUMBER IDENTIFIER
control field
SA-RiAUC
005 - DATE AND TIME OF LATEST TRANSACTION
control field
20250918055448.0
008 - FIXED-LENGTH DATA ELEMENTS--GENERAL INFORMATION
fixed length control field
250916s2001 su g 000 0 ara c
040 ## - CATALOGING SOURCE
Original cataloging agency
BSALEHC
Language of cataloging
ara
Transcribing agency
SA-RiAUC
Description conventions
rda
050 #4 - LIBRARY OF CONGRESS CALL NUMBER
Item number
.M84 2001
082 04 - DEWEY DECIMAL CLASSIFICATION NUMBER
Classification number
411.52
Assigning agency
SA-RiAUC
090 ## - LOCALLY ASSIGNED LC-TYPE CALL NUMBER (OCLC); LOCAL CALL NUMBER (RLIN)
Classification number (OCLC) (R) ; Classification number, CALL (RLIN) (NR)
411.52
Local cutter number (OCLC) ; Book number/undivided call number, CALL (RLIN)
م ف د
100 1# - MAIN ENTRY--PERSONAL NAME
Personal name
المفدي، محمد بن عبد الرحمن بن محمد،
Dates associated with a name
1357 هجري-
Relator term
مؤلف.
245 10 - TITLE STATEMENT
Title
ما تلحن فيه الصحف :
Remainder of title
دراسة للأخطاء اللغوية التي تفيض بها على أقلام كتابها /
Statement of responsibility, etc.
أعدها محمد بن عبد الرحمن بن محمد المفدي، محمد بن عبد الله سعادة، سيد بن أحمد بن عبد الواحد أبو حطب.
246 30 - VARYING FORM OF TITLE
Title proper/short title
دراسة للأخطاء اللغوية التي تفيض بها على أقلام كتابها
250 ## - EDITION STATEMENT
Edition statement
الطبعة الأولى.
264 #1 - PRODUCTION, PUBLICATION, DISTRIBUTION, MANUFACTURE, AND COPYRIGHT NOTICE
Place of production, publication, distribution, manufacture
الرياض :
Name of producer, publisher, distributor, manufacturer
محمد بن عبد الرحمن بن محمد المفدي،
Date of production, publication, distribution, manufacture, or copyright notice
2001
300 ## - PHYSICAL DESCRIPTION
Extent
229 صفحة ؛
Dimensions
24 سم
336 ## - CONTENT TYPE
Content type term
نص
Content type code
txt
Source
rdacontent
Materials specified
كتاب
337 ## - MEDIA TYPE
Media type term
بدون وسيط
Media type code
n
Source
rdamedia
338 ## - CARRIER TYPE
Carrier type term
مجلد
Carrier type code
nc
Source
rdacarrier
650 #7 - SUBJECT ADDED ENTRY--TOPICAL TERM
Topical term or geographic name entry element
اللغة العربية
General subdivision
أخطاء الاستعمال
Source of heading or term
aucsh
653 ## - INDEX TERM--UNCONTROLLED
Uncontrolled term
اللغات
700 1# - ADDED ENTRY--PERSONAL NAME
Personal name
أبو حطب، سيد بن أحمد بن عبد الواحد
Relator term
مؤلف.
700 1# - ADDED ENTRY--PERSONAL NAME
Personal name
سعادة، محمد عبد الله
Relator term
مؤلف.
942 ## - ADDED ENTRY ELEMENTS (KOHA)
Source of classification or shelving scheme
Dewey Decimal Classification
Koha item type
Books
Suppress in OPAC
No
949 ## - LOCAL PROCESSING INFORMATION (OCLC)
a
SA-JeALM
d
250916
u
mohamedma123
n
1
Holdings
Withdrawn status
Lost status
Source of classification or shelving scheme
Damaged status
Not for loan
Home library
Current library
Date acquired
Total checkouts
Full call number
Barcode
Date last seen
Price effective from
Koha item type
Dewey Decimal Classification
DR AbdElwahab Library
DR AbdElwahab Library
09/18/2025
411.52 م ف د
000019151
09/18/2025
09/18/2025
Books
Place hold
Print
Add to your cart
(remove)
Save record
BIBTEX
Dublin Core
MARCXML
MARC (non-Unicode/MARC-8)
MARC (Unicode/UTF-8)
MARC (Unicode/UTF-8, Standard)
MODS (XML)
RIS
ISBD
More searches
Search for this title in:
Other Libraries (WorldCat)
Other Databases (Google Scholar)
Online Stores (Bookfinder.com)
Open Library (openlibrary.org)
Exporting to Dublin Core...
×
Simple DC-RDF
OAI-DC
SRW-DC